|
|
|
|
| LEADER |
03505nam a2200589 4500 |
| 001 |
978-3-319-62510-2 |
| 003 |
DE-He213 |
| 005 |
20191026141511.0 |
| 007 |
cr nn 008mamaa |
| 008 |
170927s2018 gw | s |||| 0|eng d |
| 020 |
|
|
|a 9783319625102
|9 978-3-319-62510-2
|
| 024 |
7 |
|
|a 10.1007/978-3-319-62510-2
|2 doi
|
| 040 |
|
|
|d GrThAP
|
| 050 |
|
4 |
|a HD1361-1395.2
|
| 050 |
|
4 |
|a HF5686.R3
|
| 072 |
|
7 |
|a KFFR
|2 bicssc
|
| 072 |
|
7 |
|a BUS036050
|2 bisacsh
|
| 072 |
|
7 |
|a KFFR
|2 thema
|
| 082 |
0 |
4 |
|a 333.5068
|2 23
|
| 245 |
1 |
0 |
|a Real Estate Due Diligence
|h [electronic resource] :
|b A Guideline for Practitioners /
|c edited by Tobias Just, Hermann Stapenhorst.
|
| 250 |
|
|
|a 1st ed. 2018.
|
| 264 |
|
1 |
|a Cham :
|b Springer International Publishing :
|b Imprint: Springer,
|c 2018.
|
| 300 |
|
|
|a XI, 208 p.
|b online resource.
|
| 336 |
|
|
|a text
|b txt
|2 rdacontent
|
| 337 |
|
|
|a computer
|b c
|2 rdamedia
|
| 338 |
|
|
|a online resource
|b cr
|2 rdacarrier
|
| 347 |
|
|
|a text file
|b PDF
|2 rda
|
| 490 |
1 |
|
|a Management for Professionals,
|x 2192-8096
|
| 505 |
0 |
|
|a Real Estate Transactions -- Legal Due Diligence -- Tax Due Diligence in Real Estate Transactions -- Financial Due Diligence -- Technical Due Diligence.
|
| 520 |
|
|
|a Due diligence is the bedrock of real estate deals, regardless of the volume of transaction. This book presents a comprehensive guide to understanding and implementing due diligence and making an accurate assessment of the risks. While this process has become a "no-brainer" for investment professionals, the market standard on this essential topic has not yet been laid out in a comprehensive form that covers all the major aspects of real estate due diligence: legal, tax, financial and technical issues. This book fulfils that need, and gives it a form that can be used for German, European, or even international transactions. Written in a reader-friendly fashion, the easily navigable chapters are organized into the four due diligence dimensions, with ample examples and key takeaways. Be they real estate investors, or a management students specializing in the asset class, this book is a core resource for anyone wanting to get to grips with due diligence.
|
| 650 |
|
0 |
|a Real estate management.
|
| 650 |
|
0 |
|a Accounting.
|
| 650 |
|
0 |
|a Bookkeeping .
|
| 650 |
|
0 |
|a Finance.
|
| 650 |
|
0 |
|a Commercial law.
|
| 650 |
|
0 |
|a Energy efficiency.
|
| 650 |
1 |
4 |
|a Real Estate Management.
|0 http://scigraph.springernature.com/things/product-market-codes/527040
|
| 650 |
2 |
4 |
|a Accounting/Auditing.
|0 http://scigraph.springernature.com/things/product-market-codes/511000
|
| 650 |
2 |
4 |
|a Finance, general.
|0 http://scigraph.springernature.com/things/product-market-codes/600000
|
| 650 |
2 |
4 |
|a Commercial Law.
|0 http://scigraph.springernature.com/things/product-market-codes/R12026
|
| 650 |
2 |
4 |
|a Energy Efficiency.
|0 http://scigraph.springernature.com/things/product-market-codes/118000
|
| 700 |
1 |
|
|a Just, Tobias.
|e editor.
|4 edt
|4 http://id.loc.gov/vocabulary/relators/edt
|
| 700 |
1 |
|
|a Stapenhorst, Hermann.
|e editor.
|4 edt
|4 http://id.loc.gov/vocabulary/relators/edt
|
| 710 |
2 |
|
|a SpringerLink (Online service)
|
| 773 |
0 |
|
|t Springer eBooks
|
| 776 |
0 |
8 |
|i Printed edition:
|z 9783319625089
|
| 776 |
0 |
8 |
|i Printed edition:
|z 9783319625096
|
| 776 |
0 |
8 |
|i Printed edition:
|z 9783319873312
|
| 830 |
|
0 |
|a Management for Professionals,
|x 2192-8096
|
| 856 |
4 |
0 |
|u https://doi.org/10.1007/978-3-319-62510-2
|z Full Text via HEAL-Link
|
| 912 |
|
|
|a ZDB-2-BUM
|
| 950 |
|
|
|a Business and Management (Springer-41169)
|